Kleines Tonkünstlerlexikon (Record no. 6966)

MARC details
000 -CABECERA
campo de control de longitud fija 01045nam a2200289 a 4500
001 - NÚMERO DE CONTROL
campo de control BRCA_7288
005 - FECHA Y HORA DE LA ÚLTIMA TRANSACCIÓN
campo de control 20190320205800.0
008 - DATOS DE LONGITUD FIJA--INFORMACIÓN GENERAL
campo de control de longitud fija 270312s1910----gw-#######---#000-0#ger-#
041 ## - CÓDIGO DE LENGUA
Código de lengua del texto/banda sonora o título independiente ger
044 ## - CÓDIGO DEL PAÍS DE LA ENTIDAD EDITORA/PRODUCTORA
Código MARC del país gw
050 #4 - SIGNATURA TOPOGRÁFICA DE LA BIBLIOTECA DEL CONGRESO
Número de clasificación ML410
Número de documento/Ítem .F73 1910
100 1# - ENTRADA PRINCIPAL--NOMBRE DE PERSONA
Nombre de persona Frank, Paul
9 (RLIN) 18033
245 10 - MENCIÓN DE TÍTULO
Título Kleines Tonkünstlerlexikon
Resto del título Enthaltend kurze Biographien der Tonkünstler früherer und neuerer zeit : für musiker und freunde der tonkunst
Mención de responsabilidad, etc. herausgegeben von Paul Frank ; revidierte und vermehrte auflage, bearbeitet von Carl Kipke.
250 ## - MENCIÓN DE EDICIÓN
Mención de edición 11
260 ## - PUBLICACIÓN, DISTRIBUCIÓN, ETC.
Lugar de publicación, distribución, etc. Leipzig
Nombre del editor, distribuidor, etc. Carl Merseburger
Fecha de publicación, distribución, etc. 1910
300 ## - DESCRIPCIÓN FÍSICA
Extensión iv, 505 p.
Dimensiones 18 cm.
440 #0 - MENCIÓN DE SERIE/PUNTO DE ACCESO ADICIONAL--TÍTULO
Título Taschenbuch des Musikers
9 (RLIN) 18034
500 ## - NOTA GENERAL
Nota general Título de cubierta: Paul Frank Tonkünstler: Lexikon
500 ## - NOTA GENERAL
Nota general Estado físico: Lomo desprendido
500 ## - NOTA GENERAL
Nota general G12
504 ## - NOTA DE BIBLIOGRAFÍA, ETC.
Nota de bibliografía, etc. Bibliografía: p. [492]-505
650 14 - PUNTO DE ACCESO ADICIONAL DE MATERIA--TÉRMINO DE MATERIA
Término de materia o nombre geográfico como elemento de entrada Músicos alemanes
Subdivisión de forma Diccionarios
9 (RLIN) 18035
650 14 - PUNTO DE ACCESO ADICIONAL DE MATERIA--TÉRMINO DE MATERIA
Término de materia o nombre geográfico como elemento de entrada Músicos
Subdivisión de forma Biografías
Subdivisión geográfica Alemania
9 (RLIN) 18036
700 1# - PUNTO DE ACCESO ADICIONAL--NOMBRE DE PERSONA
Nombre de persona Kipke, Carl
Término indicativo de función/relación Editor
9 (RLIN) 18037
902 ## - CATALOGADOR
Iniciales GFM
942 ## - ELEMENTOS DE PUNTO DE ACCESO ADICIONAL (KOHA)
Fuente del sistema de clasificación o colocación Library of Congress Classification
Tipo de ítem Koha Libros
Holdings
Estado de retiro Estado de pérdida Estado dañado No para préstamo Localización permanente Ubicación/localización actual Fecha de adquisición Número de inventario Total de préstamos Signatura topográfica completa Código de barras Fecha visto por última vez Precio válido a partir de Tipo de ítem Koha
El ejemplar forma parte de la colección y puede ser consultado según las políticas vigentes.       Biblioteca del Museo Franz Mayer (Rogerio Casas-Alatriste) Biblioteca del Museo Franz Mayer (Rogerio Casas-Alatriste) 27/03/2012 G12   ML410 .F73 1910 (G12) 7871 22/03/2019 22/03/2019 Libros